000
00251nam a22001217a 4500
003
SGT
082
_a
621.381 SED
100
_a
SEDRA,A.S.
245
_a
MICROELECTRONIC CIRCUITS
250
_a
5TH
260
_a
NEW DELHI
_b
OXFORD
_c
2011
942
_2
ddc
_c
CD
999
_c
11080
_d
11080